000 00293nam a22001337a 4500
008 171030b xxu||||| |||| 00| 0 eng d
020 _a9780470473528
041 _aeng
080 _23RD
_a33
100 _a58
101 _aBUS
245 _aINFORMATION SYSTEMS
_cRAINER,R.K
942 _2udc
_cBK
999 _c36606
_d36606